[Event "297th YMCA Winter B"]
[Site "Warsaw"]
[Date "2025.01.09"]
[Round "1"]
[White "Pajak, Jakub"]
[Black "Szewczak, Andrzej"]
[Result "1-0"]
[WhiteElo "1865"]
[BlackElo "1797"]
[PlyCount "115"]
[EventDate "2025.01.09"]
[EventType "tourn"]
[EventRounds "1"]
[EventCountry "POL"]
[SourceDate "2025.01.09"]

1. e4 e5 2. Nf3 Nc6 3. Bc4 Bc5 4. c3 Qf6 5. d4 exd4 6. e5 Qg6 7. cxd4 Qe4+ 8.
Be3 Bb4+ 9. Nc3 Bxc3+ 10. bxc3 d5 11. exd6 cxd6 12. Bxf7+ Kf8 13. O-O Bg4 14.
Ng5 Bxd1 15. Nxe4 Kxf7 16. Rfxd1 Ke7 17. Rab1 b6 18. c4 Na5 19. c5 d5 20. Nc3
Nf6 21. Bg5 Rhd8 22. cxb6 axb6 23. Rxb6 Rd6 24. Rb5 h6 25. Nxd5+ Kf7 26. Bxf6
gxf6 27. Ne3 Rda6 28. d5 Rd8 29. g3 Rd7 30. Rdb1 Raa7 31. Rb6 h5 32. Rc1 Rab7
33. Ra6 Ra7 34. Rxa7 Rxa7 35. Kg2 Ke7 36. Nf5+ Kd7 37. Re1 Kd8 38. Re6 Nc4 39.
Rxf6 Rxa2 40. h4 Ne5 41. Ng7 Ng4 42. Rf4 Rd2 43. Nxh5 Ne3+ 44. Kh3 Nxd5 45. Re4
Ne7 46. f4 Ke8 47. Nf6+ Kf7 48. Ng4 Nf5 49. Re5 Ng7 50. h5 Ne6 51. h6 Rd3 52.
Rf5+ Kg8 53. Nf6+ Kh8 54. Ne4 Kh7 55. Rf7+ Kg6 56. Rf6+ Kh5 57. Rxe6 Rxg3+ 58.
Nxg3# 1-0

[Event "297th YMCA Winter B"]
[Site "Warsaw"]
[Date "2025.01.16"]
[Round "1"]
[White "Pasternak-Winiarski, Adam"]
[Black "Jaroszuk, Marcin"]
[Result "1/2-1/2"]
[WhiteElo "1770"]
[BlackElo "1733"]
[PlyCount "85"]
[EventDate "2025.01.09"]
[EventType "tourn"]
[EventRounds "1"]
[EventCountry "POL"]
[SourceDate "2025.01.09"]

1. e4 e5 2. Nf3 Nc6 3. Bb5 f5 4. d3 fxe4 5. dxe4 Nf6 6. Bg5 Be7 7. Nbd2 d6 8.
h3 O-O 9. c3 Nh5 10. Be3 Nf4 11. Bxf4 Rxf4 12. Qe2 Be6 13. Bc4 Qd7 14. O-O-O
Nd8 15. Bxe6+ Nxe6 16. Qd3 Nc5 17. Qd5+ Qe6 18. Qxe6+ Nxe6 19. Rhe1 Nc5 20. Kc2
a5 21. Re2 Raf8 22. Rf1 h5 23. Ne1 Ne6 24. Nd3 R4f7 25. Nc4 Ra8 26. Ne3 g6 27.
f3 c6 28. Rd1 b5 29. a3 Kf8 30. Ne1 Ke8 31. Red2 Rd8 32. Nd3 Bg5 33. Re2 Bh6
34. Nf1 Ke7 35. Ne3 Rdf8 36. Nf1 Rf6 37. Nd2 R6f7 38. Nb3 Ra8 39. Nd2 Rf6 40.
Nb3 Rf7 41. Nd2 Raf8 42. Nb3 Ra8 43. Nd2 $11 1/2-1/2

[Event "297th YMCA Winter B"]
[Site "Warsaw"]
[Date "2025.01.10"]
[Round "1"]
[White "Pietrzak, Wojciech"]
[Black "Malicka, Magdalena"]
[Result "1/2-1/2"]
[WhiteElo "1818"]
[BlackElo "1723"]
[PlyCount "133"]
[EventDate "2025.01.09"]
[EventType "tourn"]
[EventRounds "1"]
[EventCountry "POL"]
[SourceDate "2025.01.09"]

1. e4 e5 2. Nf3 Nf6 3. d4 exd4 4. e5 Nd5 5. Bc4 Nb6 6. Be2 Nc6 7. O-O d6 8. Bf4
dxe5 9. Nxe5 Nxe5 10. Bxe5 Bc5 11. c3 O-O 12. cxd4 Bd6 13. Nc3 Be6 14. Ne4 Bxe5
15. dxe5 Bc4 16. Bxc4 Nxc4 17. Qh5 Qd5 18. Qe2 Nxe5 19. Rfd1 Qc4 20. Qe3 Rad8
21. Rdc1 Qd4 22. Rxc7 Qxb2 23. Re1 Nd3 24. Rf1 Qd4 25. Rxb7 a5 26. Qf3 Ne5 27.
Qf5 Ng6 28. Ng3 Rd5 29. Qb1 Qd3 30. Qb2 Nf4 31. Rb3 Qd4 32. Qxd4 Rxd4 33. Ra3
a4 34. Nf5 Rb4 35. Ne7+ Kh8 36. g3 Ne2+ 37. Kg2 Re8 38. Re3 Nd4 39. Ng6+ hxg6
40. Rxe8+ Kh7 41. Rc1 Nf5 42. Ra8 f6 43. Rcc8 g5 44. Rc5 Kg6 45. Rca5 Rb2 46.
g4 Ne3+ 47. Kf3 Nd1 48. Rxa4 Rxf2+ 49. Kg3 Rb2 50. Rh8 Nc3 51. Ra7 Rxa2 52.
Rxa2 Nxa2 53. Rc8 Nb4 54. Rc4 Nd3 55. Rc3 Ne5 56. Re3 Nc4 57. Re1 Ne5 58. Re4
Nd3 59. Kf3 Ne5+ 60. Rxe5 fxe5 61. Ke4 Kf6 62. Kd5 g6 63. h3 e4 64. Kxe4 Ke6
65. Kd4 Kd6 66. Ke4 Ke6 67. Kd4 $11 1/2-1/2

[Event "297th YMCA Winter B"]
[Site "Warsaw"]
[Date "2025.01.09"]
[Round "1"]
[White "Kania, Tomasz"]
[Black "Korsun, Wadym"]
[Result "0-1"]
[WhiteElo "1818"]
[BlackElo "1799"]
[PlyCount "88"]
[EventDate "2025.01.09"]
[EventType "tourn"]
[EventRounds "1"]
[EventCountry "POL"]
[SourceDate "2025.01.09"]

1. d4 Nf6 2. c4 d6 3. Nf3 g6 4. g3 Bg7 5. Bg2 Nbd7 6. O-O O-O 7. Qc2 c6 8. e4
Qc7 9. Nc3 e5 10. Rd1 Re8 11. h3 a6 12. a4 b6 13. Be3 Bb7 14. d5 cxd5 15. cxd5
Rf8 16. Rac1 Rac8 17. Qb1 Qd8 18. b4 Ne8 19. Ne2 Rxc1 20. Rxc1 h6 21. Nd2 f5
22. exf5 gxf5 23. f4 e4 24. Qb3 Nef6 25. Rc6 Rf7 26. Nd4 Nb8 27. b5 axb5 28.
axb5 Nxc6 29. bxc6 Bc8 30. Nb5 Ba6 31. Bf1 Bxb5 32. Qxb5 Bf8 33. Nc4 Ne8 34.
Nxb6 Rg7 35. Kh2 Be7 36. Qb3 h5 37. Nd7 h4 38. Bf2 hxg3+ 39. Bxg3 Bh4 40. Bxh4
Qxh4 41. Qe3 Nf6 42. Nxf6+ Qxf6 43. Qb3 Qd4 44. Bg2 Qf2 0-1

[Event "297th YMCA Winter B"]
[Site "Warsaw"]
[Date "2025.01.09"]
[Round "1"]
[White "Kwiecinski, Rafal"]
[Black "Szukalski, Antoni"]
[Result "1-0"]
[WhiteElo "1756"]
[BlackElo "1772"]
[PlyCount "109"]
[EventDate "2025.01.09"]
[EventType "tourn"]
[EventRounds "1"]
[EventCountry "POL"]
[SourceDate "2025.01.09"]

1. e4 e5 2. Nc3 Nf6 3. Nf3 d6 4. Bc4 Be7 5. d3 Nc6 6. h3 Na5 7. Bb3 Nxb3 8.
axb3 c6 9. Bd2 Qc7 10. O-O O-O 11. Re1 Ne8 12. Ne2 f5 13. exf5 Bxf5 14. Ng3 Bg6
15. Qe2 Bf6 16. Ra2 Qd7 17. Be3 a6 18. c4 Nc7 19. Nd2 Rae8 20. Nde4 Bd8 21. Qd2
Ne6 22. Raa1 d5 23. Nc5 Nxc5 24. Bxc5 Be7 25. Bxe7 Rxe7 26. c5 Re6 27. Rad1 Qe7
28. Qb4 Qf6 29. f3 Qf4 30. Qxf4 Rxf4 31. d4 e4 32. Ne2 Rf8 33. f4 Be8 34. g3 h5
35. Kg2 Kh7 36. Rf1 Ref6 37. Rde1 Kh6 38. g4 g5 39. f5 Kg7 40. Nc3 Rh8 41. Rh1
Kf8 42. Nd1 Rfh6 43. Ne3 Ke7 44. Ref1 Kf6 45. Rfg1 R6h7 46. Rf1 Re7 47. Rf2 Rc7
48. Ra1 Rch7 49. Rh1 Bf7 $11 50. Kg3 Be8 51. Ra1 Rc7 52. Ra4 Rh6 53. Rb4 Rh8
54. Rb6 Rhh7 55. Nxd5+ 1-0

[Event "297th YMCA Winter B"]
[Site "Warsaw"]
[Date "2025.01.09"]
[Round "1"]
[White "Kasperski, Marcin"]
[Black "Sucharski, Jakub"]
[Result "0-1"]
[WhiteElo "1759"]
[BlackElo "1736"]
[PlyCount "98"]
[EventDate "2025.01.09"]
[EventType "tourn"]
[EventRounds "1"]
[EventCountry "POL"]
[SourceDate "2025.01.09"]

1. c4 g6 2. g3 Bg7 3. Bg2 Nf6 4. Nc3 c5 5. e4 Nc6 6. Nge2 d6 7. O-O O-O 8. d3
Ne8 9. a3 Nc7 10. Qc2 Ne6 11. Be3 a6 12. Rad1 Rb8 13. Kh1 b5 14. cxb5 axb5 15.
Nd5 b4 16. a4 Ba6 17. b3 Re8 18. f4 Ned4 19. Bxd4 Nxd4 20. Nxd4 Bxd4 21. Rfe1
e6 22. Ne3 Bb7 23. Nc4 Qc7 24. e5 dxe5 25. fxe5 Red8 26. Bxb7 Qxb7+ 27. Qg2 Rd5
28. Re2 Qc7 29. Qe4 Rbd8 30. Rf1 Bc3 31. Re3 Rd4 32. Qf3 R4d5 33. Kg2 R8d7 34.
Qe2 Qd8 35. Rff3 Qc7 36. h4 Qc6 37. Kh3 Qc7 38. g4 Rd8 39. Nd6 Rf8 40. Nb5 Qb8
41. Nxc3 bxc3 42. Qc2 Qb4 43. Re4 Rd4 44. Rff4 Rfd8 45. Kg3 Rxd3+ 46. Kf2 Rd2+
47. Ke1 Rxc2 48. Rxb4 cxb4 49. Rxb4 Rdd2 0-1

[Event "297th YMCA Winter B"]
[Site "Warsaw"]
[Date "2025.01.16"]
[Round "2"]
[White "Szewczak, Andrzej"]
[Black "Sucharski, Jakub"]
[Result "1-0"]
[WhiteElo "1797"]
[BlackElo "1736"]
[PlyCount "95"]
[EventDate "2025.01.09"]
[EventType "tourn"]
[EventRounds "1"]
[EventCountry "POL"]
[SourceDate "2025.01.09"]

1. b4 e5 2. Bb2 Bxb4 3. Bxe5 Nf6 4. Nf3 O-O 5. e3 d5 6. Be2 c5 7. O-O Nc6 8.
Bg3 Re8 9. d3 Qe7 10. Nbd2 d4 11. e4 Nh5 12. Bh4 Qe6 13. Ng5 Qh6 14. f4 Nf6 15.
Bg3 Ng4 16. Bxg4 Bxd2 17. Qxd2 Bxg4 18. h3 Bd7 19. c4 f6 20. Nf3 Qg6 21. Kh2 f5
22. e5 Nd8 23. a4 Bc6 24. Qe2 Ne6 25. a5 Nc7 26. Be1 b5 27. axb6 axb6 28. Bd2
Rec8 29. Nh4 Qf7 30. g4 fxg4 31. hxg4 b5 32. f5 bxc4 33. dxc4 Rd8 34. Rxa8 Nxa8
35. e6 Qe7 36. g5 d3 37. Qe5 Nc7 38. Rf4 Ra8 39. Rf2 Ne8 40. f6 gxf6 41. gxf6
Nxf6 42. Qxf6 Qxf6 43. Rxf6 Kg7 44. Rf7+ Kg8 45. Bh6 Re8 46. Nf5 d2 47. Ne7+
Rxe7 48. Rf8# 1-0

[Event "297th YMCA Winter B"]
[Site "Warsaw"]
[Date "2025.01.16"]
[Round "2"]
[White "Szukalski, Antoni"]
[Black "Kasperski, Marcin"]
[Result "1-0"]
[WhiteElo "1772"]
[BlackElo "1759"]
[PlyCount "139"]
[EventDate "2025.01.09"]
[EventType "tourn"]
[EventRounds "1"]
[EventCountry "POL"]
[SourceDate "2025.01.09"]

1. d4 b5 2. Bf4 Nf6 3. e3 Bb7 4. Nf3 a6 5. c4 bxc4 6. Bxc4 e6 7. Nbd2 Be7 8. h3
O-O 9. O-O d6 10. Re1 Nbd7 11. e4 c5 12. e5 dxe5 13. dxe5 Nd5 14. Bg3 N7b6 15.
Bb3 Qd7 16. a3 Rfd8 17. Qe2 Qb5 18. Bc4 Nxc4 19. Qxc4 Nb6 20. Qc2 Qd3 21. Rac1
Qxc2 22. Rxc2 Rd7 23. Ne4 Bxe4 24. Rxe4 Rad8 25. Kf1 a5 26. Re1 a4 27. Ke2 h6
28. Nd2 Rd5 29. f4 f5 30. Bf2 g5 31. g3 Kf7 32. Be3 gxf4 33. gxf4 Rg8 34. Rg1
Rxg1 35. Bxg1 Ke8 36. Rc3 Nd7 37. Nc4 Kd8 38. Rg3 Kc7 39. Rg6 Nf8 40. Rxh6 Rd7
41. Be3 Kc6 42. Rh8 Kb5 43. Nd6+ Bxd6 44. exd6 Rf7 45. Kd3 Nd7 46. Re8 Rf6 47.
Rc8 e5 48. fxe5 Nxe5+ 49. Kc3 Nd7 50. Bf4 Nb6 51. Rb8 Kc6 52. Rxb6+ Kxb6 53. d7
Rf8 54. Bg5 Kc7 55. d8=Q+ Rxd8 56. Bxd8+ Kxd8 57. Kd3 Ke7 58. Ke3 Ke6 59. Kf4
Kd5 60. h4 Kc4 61. h5 Kb3 62. h6 Kxb2 63. h7 Kxa3 64. h8=Q Kb3 65. Qa8 c4 66.
Kxf5 c3 67. Ke4 Kc2 68. Qxa4+ Kd2 69. Qb4 Kc2 70. Kd4 1-0

[Event "297th YMCA Winter B"]
[Site "Warsaw"]
[Date "2025.01.16"]
[Round "2"]
[White "Korsun, Wadym"]
[Black "Kwiecinski, Rafal"]
[Result "1-0"]
[WhiteElo "1799"]
[BlackElo "1756"]
[PlyCount "113"]
[EventDate "2025.01.09"]
[EventType "tourn"]
[EventRounds "1"]
[EventCountry "POL"]
[SourceDate "2025.01.09"]

1. e4 c6 2. d4 d5 3. Nc3 dxe4 4. Nxe4 Bf5 5. Ng3 Bg6 6. Nf3 e6 7. h4 h6 8. Ne5
Bh7 9. Qh5 Qc7 10. Bc4 Nf6 11. Qe2 Bd6 12. Bf4 Nd5 13. Bxd5 cxd5 14. O-O Nc6
15. c3 O-O 16. Rfe1 Rae8 17. Qg4 f5 18. Qe2 a6 19. a4 Nd8 20. Nf1 Qe7 21. h5
Nf7 22. Nxf7 Bxf4 23. Ne5 Bg5 24. Nd2 f4 25. a5 Bf5 26. Ra3 Qc7 27. Nb3 Be7 28.
Raa1 Be4 29. Nd2 Bf5 30. Ndf3 Be4 31. Nd2 Bf5 32. Ndf3 Bf6 33. Qd2 Bg5 34. Nxg5
hxg5 35. Qe2 Kh7 36. Ra3 Re7 37. Rc1 Qd8 38. b4 Qe8 39. c4 Rh8 40. cxd5 exd5
41. Qf3 g4 42. Qxf4 Qxh5 43. Qh2 g6 44. Rac3 Kg7 45. Qxh5 gxh5 46. Rc5 Rd7 47.
Nxd7 Bxd7 48. Rc7 Rd8 49. Rxb7 Kf6 50. Rb6+ Kf5 51. Rd6 Ke4 52. Rc7 Rb8 53.
Rcxd7 Kxd4 54. Rxd5+ Kc4 55. R5d6 Rxb4 56. Rxa6 h4 57. Rh6 1-0

[Event "297th YMCA Winter B"]
[Site "Warsaw"]
[Date "2025.02.05"]
[Round "2"]
[White "Malicka, Magdalena"]
[Black "Kania, Tomasz"]
[Result "1/2-1/2"]
[WhiteElo "1723"]
[BlackElo "1818"]
[PlyCount "38"]
[EventDate "2025.01.09"]
[EventType "tourn"]
[EventRounds "1"]
[EventCountry "POL"]
[SourceDate "2025.01.09"]

1. e4 c6 2. d4 d5 3. exd5 cxd5 4. Bd3 Nc6 5. c3 g6 6. Bf4 Bf5 7. Bxf5 gxf5 8.
Nf3 e6 9. Ne5 Nge7 10. Qh5 Ng6 11. Nxg6 fxg6 12. Qe2 Kf7 13. Nd2 Bd6 14. Bxd6
Qxd6 15. Nf3 h6 16. O-O g5 17. Rfe1 g4 18. Ne5+ Nxe5 19. Qxe5 Qxe5 $11 1/2-1/2

[Event "297th YMCA Winter B"]
[Site "Warsaw"]
[Date "2025.01.17"]
[Round "2"]
[White "Jaroszuk, Marcin"]
[Black "Pietrzak, Wojciech"]
[Result "1/2-1/2"]
[WhiteElo "1733"]
[BlackElo "1818"]
[PlyCount "106"]
[EventDate "2025.01.09"]
[EventType "tourn"]
[EventRounds "1"]
[EventCountry "POL"]
[SourceDate "2025.01.09"]

1. Nf3 d5 2. g3 Nf6 3. Bg2 e6 4. O-O Bd6 5. d4 O-O 6. c4 h6 7. Nc3 Nc6 8. cxd5
exd5 9. Nb5 Re8 10. Nxd6 Qxd6 11. b3 Bf5 12. Bf4 Qe7 13. Ne5 Nb4 14. Qc1 g5 15.
Bxg5 hxg5 16. Qxg5+ Bg6 17. a3 Nc6 18. Nxg6 fxg6 19. Qxg6+ Qg7 20. Qxg7+ Kxg7
21. e3 Rad8 22. Rac1 Re7 23. b4 a6 24. Rc2 Na7 25. a4 Nc8 26. Rfc1 Ne8 27. Rc5
Red7 28. Bf1 Rf7 29. Bg2 Ne7 30. b5 a5 31. R1c2 Kf6 32. Bh3 Nf5 33. Rc1 Rh7 34.
Bg4 Rg7 35. Bxf5 Kxf5 36. f3 Ke6 37. R5c2 Rdd7 38. Kg2 Nf6 39. g4 Kd6 40. h4
Rde7 41. Rc3 Nxg4 42. fxg4 Rxg4+ 43. Kf3 $11 Rxh4 44. Rg1 Rf7+ 45. Ke2 Rh2+ 46.
Kd3 Rff2 47. Rg6+ Kd7 48. Rg7+ Ke6 49. Rcxc7 Rd2+ 50. Kc3 Rc2+ 51. Kb3 Rb2+ 52.
Kc3 Rbc2+ 53. Kb3 Rb2+ $11 1/2-1/2

[Event "297th YMCA Winter B"]
[Site "Warsaw"]
[Date "2025.01.14"]
[Round "2"]
[White "Pajak, Jakub"]
[Black "Pasternak-Winiarski, Adam"]
[Result "1-0"]
[WhiteElo "1865"]
[BlackElo "1770"]
[PlyCount "69"]
[EventDate "2025.01.09"]
[EventType "tourn"]
[EventRounds "1"]
[EventCountry "POL"]
[SourceDate "2025.01.09"]

1. d4 Nf6 2. Nc3 d5 3. Bg5 c5 4. e3 Nc6 5. Nf3 Bg4 6. Be2 e6 7. O-O Be7 8. dxc5
Bxc5 9. Nd4 Bxe2 10. Ncxe2 h6 11. Bh4 e5 12. Bxf6 gxf6 13. Nf5 Qd7 14. Neg3
O-O-O 15. c3 h5 16. b4 Bb6 17. h4 Kb8 18. a4 e4 19. a5 Bc7 20. a6 Bxg3 21. Nxg3
b6 22. Qe2 Rdg8 23. Rfd1 Rg4 24. Qb5 Ne5 25. Qxd7 Nxd7 26. Rxd5 Ne5 27. Rad1
Rhg8 28. R1d4 Rc8 29. Rd8 Kc7 30. Rxc8+ Kxc8 31. Rxe4 Rg8 32. Nxh5 Nf3+ 33. Kh1
f5 34. Rc4+ Kd8 35. gxf3 1-0

[Event "297th YMCA Winter B"]
[Site "Warsaw"]
[Date "2025.02.04"]
[Round "3"]
[White "Pasternak-Winiarski, Adam"]
[Black "Szewczak, Andrzej"]
[Result "1-0"]
[WhiteElo "1770"]
[BlackElo "1797"]
[PlyCount "49"]
[EventDate "2025.01.09"]
[EventType "tourn"]
[EventRounds "1"]
[EventCountry "POL"]
[SourceDate "2025.01.09"]

1. e4 e5 2. Nf3 Nc6 3. Bb5 Bc5 4. c3 Qf6 5. d4 exd4 6. e5 Qg6 7. cxd4 Nxd4 8.
Nxd4 Qb6 9. Be3 Bxd4 10. Qxd4 Qxb5 11. Nc3 Qc6 12. Nd5 Ne7 13. Nxe7 Kxe7 14.
O-O Qe6 15. Qc5+ Kd8 16. Bg5+ f6 17. exf6 gxf6 18. Rfe1 Qf7 19. Rac1 c6 20. Bf4
Re8 21. Qd6 Re6 22. Rxe6 Qxe6 23. Qf8+ Qe8 24. Bc7+ Kxc7 25. Qxe8 1-0

[Event "297th YMCA Winter B"]
[Site "Warsaw"]
[Date "2025.02.02"]
[Round "3"]
[White "Pietrzak, Wojciech"]
[Black "Pajak, Jakub"]
[Result "0-1"]
[WhiteElo "1818"]
[BlackElo "1865"]
[PlyCount "120"]
[EventDate "2025.01.09"]
[EventType "tourn"]
[EventRounds "1"]
[EventCountry "POL"]
[SourceDate "2025.01.09"]

1. e4 d5 2. exd5 Qxd5 3. Nc3 Qd6 4. g3 Nf6 5. d4 c6 6. Bf4 Qb4 7. a3 Qb6 8. Na4
Qa5+ 9. c3 Qd5 10. f3 b5 11. Nc5 e6 $11 12. Nd3 Nbd7 13. Bg2 Bb7 14. Nb4 Qf5
15. Qe2 a5 16. Bh3 Qg6 17. d5 axb4 18. dxe6 fxe6 19. Bxe6 Be7 20. Bd6 O-O-O 21.
Bxe7 Rde8 22. f4 Rxe7 23. f5 Qg4 24. axb4 Qxe2+ 25. Nxe2 g6 26. O-O gxf5 27.
Nd4 Kc7 28. Rae1 Rhe8 29. Rxf5 Kd6 30. Rxf6 Nxf6 31. Nf5+ Kc7 32. Nxe7 Rxe7 33.
Kf2 c5 34. Bf5 Rxe1 35. Kxe1 cxb4 36. cxb4 Be4 37. Be6 Kd6 38. Bb3 Ke5 39. Ke2
Kd4 40. Be6 Nd5 41. Bd7 Bd3+ 42. Kd2 Nf6 43. Be6 Ne4+ 44. Kc1 Ke3 45. g4 Kf4
46. h4 Nf6 47. g5 Ne4 48. Bg8 Ng3 49. Kd2 Bf5 50. Bf7 Kg4 51. Be8 Ne4+ 52. Ke3
Nd6 53. Bc6 Kxh4 54. Kf4 Bd3 55. Bd5 Bc4 56. Bc6 Nf7 57. b3 Bf1 58. Ke3 Kg3 59.
g6 hxg6 60. Be8 Nh8 0-1

[Event "297th YMCA Winter B"]
[Site "Warsaw"]
[Date "2025.01.29"]
[Round "3"]
[White "Kania, Tomasz"]
[Black "Jaroszuk, Marcin"]
[Result "1-0"]
[WhiteElo "1818"]
[BlackElo "1733"]
[PlyCount "98"]
[EventDate "2025.01.09"]
[EventType "tourn"]
[EventRounds "1"]
[EventCountry "POL"]
[SourceDate "2025.01.09"]

1. e4 e5 2. Nf3 Nc6 3. Bb5 a6 4. Ba4 Nf6 5. O-O Nxe4 6. d4 exd4 7. Re1 d5 8.
Nxd4 Bd6 9. Nxc6 Bxh2+ 10. Kh1 Qh4 11. Rxe4+ dxe4 12. Qd8+ Qxd8 13. Nxd8+ Kxd8
14. Kxh2 Be6 15. Be3 f5 16. Nc3 b5 17. Bb3 Bxb3 18. axb3 c6 19. Ne2 g6 20. Nd4
Kd7 21. b4 Rhf8 22. g3 h6 23. Rd1 Kc8 24. Nxc6 Kc7 25. Nd4 Rf6 26. Bf4+ Kb6 27.
Nb3 g5 28. Be5 Re6 29. Nc5 Rc6 30. Rd7 Ra7 31. Rd8 Re7 32. Bd4 Kc7 33. Ra8 f4
34. Nxa6+ Kd7 35. Nb8+ Kc7 36. Nxc6 Kxc6 37. gxf4 gxf4 38. Rc8+ Kd5 39. Rd8+
Kc6 40. Kg2 h5 41. Rf8 e3 42. fxe3 fxe3 43. Kf1 e2+ 44. Ke1 h4 45. Rf2 h3 46.
Rh2 Kd5 47. Bc5 Rg7 48. Kxe2 Rh7 49. Kf3 Ra7 1-0

[Event "297th YMCA Winter B"]
[Site "Warsaw"]
[Date "2025.01.22"]
[Round "3"]
[White "Kwiecinski, Rafal"]
[Black "Malicka, Magdalena"]
[Result "0-1"]
[WhiteElo "1756"]
[BlackElo "1723"]
[PlyCount "66"]
[EventDate "2025.01.09"]
[EventType "tourn"]
[EventRounds "1"]
[EventCountry "POL"]
[SourceDate "2025.01.09"]

1. e4 e5 2. Nc3 Nf6 3. Nf3 Nc6 4. Bb5 Bb4 5. d3 Bxc3+ 6. bxc3 d6 7. h3 O-O 8.
Bg5 Qe7 9. Nd2 Nd8 10. Qf3 Ne6 11. Bxf6 gxf6 12. Bc4 Kh8 13. Bxe6 fxe6 14. g4
Bd7 15. Qg3 f5 16. g5 Rg8 17. h4 f4 18. Qg4 d5 19. Ke2 Qc5 20. exd5 Qxc3 21.
dxe6 Bc6 22. Rhc1 Qd4 23. Nf3 Qd5 24. Nh2 Rae8 25. Rg1 e4 26. Kd2 Qa5+ 27. c3
Qb6 28. Qxf4 Qb2+ 29. Ke3 Rxe6 30. Qf5 exd3+ 31. Kd4 Rd8+ 32. Kc4 Re4+ 33. Qxe4
Qb5# 0-1

[Event "297th YMCA Winter B"]
[Site "Warsaw"]
[Date "2025.01.23"]
[Round "3"]
[White "Kasperski, Marcin"]
[Black "Korsun, Wadym"]
[Result "1-0"]
[WhiteElo "1759"]
[BlackElo "1799"]
[PlyCount "139"]
[EventDate "2025.01.09"]
[EventType "tourn"]
[EventRounds "1"]
[EventCountry "POL"]
[SourceDate "2025.01.09"]

1. c4 Nf6 2. g3 g6 3. Bg2 Bg7 4. Nc3 c6 5. e4 e5 6. Nge2 O-O 7. O-O d6 8. Qc2
Nbd7 9. d3 Rb8 10. Be3 b6 11. a4 Qc7 12. Rfc1 a6 13. h3 Bb7 14. Qd2 Rbc8 15. b4
c5 16. Rab1 Rb8 17. Rb3 Rfe8 18. Rcb1 Ba8 19. a5 bxa5 20. b5 axb5 21. Nxb5 Qc6
22. Qxa5 Bb7 23. Nec3 Bf8 24. Nd5 Red8 25. Bg5 Kg7 26. Qd2 Ba6 27. Bh6+ Kh8 28.
Bxf8 Rxf8 29. Ne7 Qb6 30. Nd4 Qc7 31. Nb5 Bxb5 32. Rxb5 Rxb5 33. Rxb5 Nb8 34.
Nd5 Nxd5 35. exd5 Na6 36. f4 f6 37. Be4 Rb8 38. fxe5 fxe5 39. Qh6 Qg7 40. Qg5
Kg8 41. h4 Rxb5 42. cxb5 Nb8 43. Qd8+ Qf8 44. Qc7 Qe8 45. Qxd6 Qxb5 46. Qxe5
Nd7 47. Qe8+ Kg7 48. Qe7+ Kh6 49. h5 Qb1+ 50. Kg2 Qb2+ 51. Kh3 Nf6 52. hxg6
hxg6 53. d6 Qd4 54. Kh4 c4 55. Qf8+ Kh7 56. Qf7+ Kh8 57. d7 Nxd7 58. Qxg6 Nf8
59. Qf5 Kg7 60. dxc4 Qxc4 61. Qe5+ Kf7 62. Kh5 Ne6 63. Bd5 Qc8 64. Qxe6+ Qxe6
65. Bxe6+ Kxe6 66. Kg6 Ke7 67. Kg7 Ke6 68. g4 Ke7 69. g5 Ke8 70. g6 1-0

[Event "297th YMCA Winter B"]
[Site "Warsaw"]
[Date "2025.01.23"]
[Round "3"]
[White "Sucharski, Jakub"]
[Black "Szukalski, Antoni"]
[Result "1-0"]
[WhiteElo "1736"]
[BlackElo "1772"]
[PlyCount "101"]
[EventDate "2025.01.09"]
[EventType "tourn"]
[EventRounds "1"]
[EventCountry "POL"]
[SourceDate "2025.01.09"]

1. c4 Nf6 2. Nc3 e6 3. e4 d5 4. e5 Ne4 5. cxd5 Nxc3 6. bxc3 exd5 7. d4 c5 8.
Bd3 cxd4 9. cxd4 Bb4+ 10. Bd2 Qa5 11. Ne2 Bxd2+ 12. Qxd2 Qxd2+ 13. Kxd2 Nc6 14.
Rab1 O-O 15. Rhc1 f6 16. f4 Rf7 17. Ke3 g5 18. g3 Bg4 19. Ng1 fxe5 20. fxe5
Raf8 21. h3 Bc8 22. Rf1 Rxf1 23. Bxf1 b6 24. Bg2 Be6 25. Ne2 Ne7 26. Rc1 Rc8
27. Rxc8+ Bxc8 28. Kd2 Kf8 29. h4 h6 30. Nc3 Bb7 31. hxg5 hxg5 32. Bh3 Ba6 33.
Nd1 Nc6 34. Kc3 Kf7 35. Ne3 Ne7 36. Bd7 Bb7 37. Ng4 Ng6 38. Nf6 Ne7 39. Ne8 Bc6
40. e6+ Kf8 41. Nc7 Bb7 42. Nb5 Nc6 43. Nd6 Ba8 44. g4 Ne7 45. Nf7 Bc6 46. Nxg5
Bxd7 47. exd7 Nc6 48. Nf3 Ke7 49. g5 Kxd7 50. Ne5+ Nxe5 51. dxe5 1-0

[Event "297th YMCA Winter B"]
[Site "Warsaw"]
[Date "2025.01.30"]
[Round "4"]
[White "Szewczak, Andrzej"]
[Black "Szukalski, Antoni"]
[Result "1-0"]
[WhiteElo "1797"]
[BlackElo "1772"]
[PlyCount "109"]
[EventDate "2025.01.09"]
[EventType "tourn"]
[EventRounds "1"]
[EventCountry "POL"]
[SourceDate "2025.01.09"]

1. b4 e5 2. Bb2 Bxb4 3. Bxe5 Nf6 4. Nf3 d5 5. e3 O-O 6. Be2 Nbd7 7. Bg3 Re8 8.
O-O Ne4 9. d3 Nxg3 10. hxg3 Nf6 11. Nbd2 Qe7 12. c4 c5 13. Nb3 dxc4 14. dxc4
Bc3 15. Rc1 Be5 16. Nxe5 Qxe5 17. Bf3 Rb8 18. Qe2 b6 19. Rfd1 Be6 20. Rd2 Red8
21. Qd1 Rxd2 22. Qxd2 Qc7 23. Qc2 Rd8 24. Kf1 Rd7 25. Ke1 Qd8 26. Rd1 Rxd1+ 27.
Bxd1 Kf8 28. f3 Qd6 29. f4 Qd7 30. e4 Bg4 31. Bf3 Bxf3 32. gxf3 Nh5 33. Qh2 g6
34. g4 Nf6 35. e5 Ng8 36. Ke2 Qa4 37. Kd3 Qd7+ 38. Kc2 Qa4 39. Kc3 Qb4+ 40. Kd3
Qe1 41. Qd2 Qf1+ 42. Ke3 Qxc4 43. f5 gxf5 44. gxf5 Qh4 45. Qd6+ Qe7 46. Qb8+
Qe8 47. Qxe8+ Kxe8 48. Ke4 Ne7 49. f6 Nc6 50. f4 Nb4 51. f5 c4 52. Nd4 c3 53.
Nb5 c2 54. e6 Nc6 55. Nd6+ $138 1-0

[Event "297th YMCA Winter B"]
[Site "Warsaw"]
[Date "2025.01.30"]
[Round "4"]
[White "Korsun, Wadym"]
[Black "Sucharski, Jakub"]
[Result "1/2-1/2"]
[WhiteElo "1799"]
[BlackElo "1736"]
[PlyCount "93"]
[EventDate "2025.01.09"]
[EventType "tourn"]
[EventRounds "1"]
[EventCountry "POL"]
[SourceDate "2025.01.09"]

1. e4 c5 2. Nc3 e6 3. g3 Nc6 4. Bg2 Nf6 5. Nge2 d5 6. d3 d4 7. Nb1 e5 8. Nd2 h6
9. a4 Bd6 10. Nc4 Bc7 11. O-O O-O 12. h3 Re8 13. f4 exf4 14. gxf4 Be6 15. b3 a6
16. f5 Bxc4 17. bxc4 Kh7 18. Nf4 g5 19. Nd5 Nxd5 20. exd5 Qd6 21. Re1 Ne7 22.
Qf3 Ba5 23. Re2 Qf6 24. Ba3 Qxf5 25. Qxf5+ Nxf5 26. Be4 Kg7 27. Bxc5 b6 28. Rf2
bxc5 29. Rxf5 Rab8 30. Raf1 Rf8 31. Rf6 Rb6 32. d6 Bd2 33. R1f5 Bf4 34. Bd5
Bxd6 35. Rxf7+ Rxf7 36. Rxf7+ Kg6 37. Ra7 Bb8 38. Ra8 Bf4 39. a5 Rf6 40. Bb7
Bd2 41. Rxa6 Rxa6 42. Bxa6 Bxa5 43. Kf2 Kh5 44. Bb5 Kh4 45. Bd7 h5 46. Kf3 Bd2
47. Bc8 $11 1/2-1/2

[Event "297th YMCA Winter B"]
[Site "Warsaw"]
[Date "2025.01.31"]
[Round "4"]
[White "Malicka, Magdalena"]
[Black "Kasperski, Marcin"]
[Result "1-0"]
[WhiteElo "1723"]
[BlackElo "1759"]
[PlyCount "125"]
[EventDate "2025.01.09"]
[EventType "tourn"]
[EventRounds "1"]
[EventCountry "POL"]
[SourceDate "2025.01.09"]

1. e4 e6 2. d4 d5 3. e5 c5 4. c3 Nc6 5. Nf3 Bd7 6. Bd3 Rc8 7. dxc5 Bxc5 8. Nbd2
Nge7 9. Nb3 Bb6 10. O-O Ng6 11. Qe2 O-O 12. Nbd4 Bc7 13. Nxc6 bxc6 14. b4 a5
15. a4 Ra8 16. b5 h6 17. Bxg6 fxg6 18. bxc6 Bxc6 19. Nd4 Qd7 20. Qg4 Bxe5 21.
Qxg6 Rf6 22. Qg4 Re8 23. Bd2 Bc7 24. Nxc6 Qxc6 25. c4 Qd6 26. g3 d4 27. Qh5 Ra8
28. Rab1 Qc6 29. Rb5 e5 30. Qe2 Rf3 31. Rc5 Qxc5 32. Qxf3 Rf8 33. Qd5+ Qxd5 34.
cxd5 Ra8 35. Rc1 Bd6 36. Rc4 Kf7 37. Kg2 Ra7 38. f4 exf4 39. gxf4 Rc7 40. Rxc7+
Bxc7 41. Kf3 Bb6 42. Ke4 g6 43. Bc1 h5 44. Bb2 Bc5 45. Bxd4 Bb4 46. Kd3 Ke7 47.
Bc3 Bd6 48. Ke4 Bc7 49. Be5 Bb6 50. Bd4 Bc7 51. Bc5+ Kd7 52. h3 Bd8 53. Ke5
Bc7+ 54. d6 Bd8 55. Bf2 g5 56. f5 g4 57. h4 Kc6 58. Ke6 g3 59. Bxg3 Kc5 60. f6
Bxf6 61. Kxf6 Kb4 62. d7 Kxa4 63. d8=Q 1-0